Proceedings in Informatics and Information Technologies IIT.SRC 2018, Student Research Conference, Bratislava, April 18, 2018 /

Gespeichert in:
Bibliographische Detailangaben
Körperschaft: IIT.SRC 2018 Bratislava, Slovenská republika (Verfasst von, Student Research Conference in Informatics and Information Technologies)
Weitere Verfasser: Kompan, Michal, 1986- (Herausgegeben von), Návrat, Pavol, 1952- (Herausgegeben von)
Format: Tagungsbericht Buch
Sprache:Englisch
Veröffentlicht: Bratislava Vydavateľstvo SPEKTRUM STU 2018
Ausgabe:1. vyd.
Tags: Tag hinzufügen
Keine Tags, Fügen Sie das erste Tag hinzu!

MARC

LEADER 00000nam a22000003a 4500
001 0071342
003 SK-STU
005 20221207100458.2
007 ta
008 190129s ----xo-----e------100-0-----d
020 |a 978-80-227-4850-6 
035 |a biblio/114118  |2 CREPC2 
040 |a STU  |b slo 
041 0 |a eng 
044 |a xo 
111 2 |a IIT.SRC 2018  |n 14.  |d 18.04.2018  |c Bratislava, Slovenská republika  |e Student Research Conference in Informatics and Information Technologies  |4 aut 
245 1 0 |a Proceedings in Informatics and Information Technologies IIT.SRC 2018, Student Research Conference, Bratislava, April 18, 2018 /  |c ed. Michal Kompan, Pavol Návrat 
250 |a 1. vyd. 
260 |a Bratislava  |b Vydavateľstvo SPEKTRUM STU  |c 2018 
300 |a 66 s. 
700 1 |a Kompan, Michal,  |d 1986-  |u 070200  |r Z1  |4 edt  |9 50  |U FIIT Fakulta informatiky a informačných technológií  |T FIIT Ústav informatiky, informačných systémov a softvérového inžinierstva  |X 29626  |U I200  |Y 179  |7 29626 
700 1 |a Návrat, Pavol,  |d 1952-  |u 070200  |r Z1  |4 edt  |9 50  |U FIIT Fakulta informatiky a informačných technológií  |T FIIT Ústav informatiky, informačných systémov a softvérového inžinierstva  |X 4660  |U I200  |Y 179  |7 4660 
996 |c I*Z13494  |l I  |s P  |a 0  |w 0071342_0001